Writing Productivity / (Record no. 611571)

000 -LEADER
fixed length control field 01248nam a22001697a 4500
003 - CONTROL NUMBER IDENTIFIER
control field NUST
005 - DATE AND TIME OF LATEST TRANSACTION
control field 20240920093436.0
082 ## - DEWEY DECIMAL CLASSIFICATION NUMBER
Classification number 005.1,HAS
245 ## - TITLE STATEMENT
Title Writing Productivity /
Statement of responsibility, etc. ASC Ihtisham Ul Hassan, PC Talal Mahmood, PC Muneeb Ul Hassan, ASC Ashad Kotlawan.
260 ## - PUBLICATION, DISTRIBUTION, ETC.
Place of publication, distribution, etc. MCS, NUST
Name of publisher, distributor, etc. Rawalpindi
Date of publication, distribution, etc. 2024
300 ## - PHYSICAL DESCRIPTION
Extent 90 p
505 ## - FORMATTED CONTENTS NOTE
Formatted contents note The purpose of the Writing Productivity is to increase motivation for writing and to create a convenient and easy to use application for writers, trying to get rid of their writers’ block. The system consists of a writing platform with a state-of-the-art editor, productivity features and immaculate design. The text editor will be supported by sprinting options and a domain specific AI chatbot. There are features like exporting the final eBook in different formats, seamless backup (offline and online), Outlining and summary generation through AI, images integration and user profile management. This platform is designed to revolutionize the way writers approach their craft, providing a holistic and technologically advanced environment for literary creation.
650 ## - SUBJECT ADDED ENTRY--TOPICAL TERM
Topical term or geographic name entry element UG BESE
9 (RLIN) 114271
651 ## - SUBJECT ADDED ENTRY--GEOGRAPHIC NAME
Geographic name BESE-26
9 (RLIN) 125902
700 ## - ADDED ENTRY--PERSONAL NAME
Personal name Supervisor Dr. Muhammad Sohail
9 (RLIN) 114278
942 ## - ADDED ENTRY ELEMENTS (KOHA)
Source of classification or shelving scheme
Koha item type Project Report

No items available.

© 2023 Central Library, National University of Sciences and Technology. All Rights Reserved.